La cultura de la colaboración: reto para una enseñanza de calidad
Đã lưu trong:
| Tác giả chính: | |
|---|---|
| Định dạng: | Sách |
| Ngôn ngữ: | Tiếng Tây Ban Nha |
| Được phát hành: |
Madrid
La Muralla
2001
|
| Loạt: | Colección Aula Abierta
|
| Những chủ đề: | |
| Các nhãn: |
Thêm thẻ
Không có thẻ, Là người đầu tiên thẻ bản ghi này!
|
MARC
| LEADER | 00000nam a2200000 a 4500 | ||
|---|---|---|---|
| 001 | UCM7606 | ||
| 003 | CL-VaPUC | ||
| 008 | 021227e20010000SP |||||||||||||||||spa|d | ||
| 082 | 0 | 4 | |a 370.115 |b ARM |2 21 |
| 100 | 0 | |a Armengol Asparó, Carme |e author |9 473260 | |
| 245 | 1 | 3 | |a La cultura de la colaboración: reto para una enseñanza de calidad |
| 300 | |a 300 p | ||
| 942 | |c BK | ||
| 945 | |d 20021227 00:00:00 |a cmena | ||
| 260 | |a Madrid |b La Muralla |c 2001 | ||
| 650 | 0 | |a Filosofía de la educación |9 258384 | |
| 650 | 7 | |a EDUCACION SOCIAL |2 CL-VaPUC |9 330279 | |
| 650 | 0 | |a Rol del docente |9 329733 | |
| 650 | 0 | |a Planificación del currículo |9 269599 | |
| 650 | 7 | |a TRABAJO EN EQUIPO |2 CL-VaPUC |9 393025 | |
| 650 | 0 | |a Socialización |9 309940 | |
| 650 | 0 | |a Cambio cultural |9 338163 | |
| 583 | |a last modification |c 20021227 00:00:00 |k Rodrigo Vera | ||
| 490 | 0 | |a Colección Aula Abierta | |
| 999 | |c 302352 |d 302350 | ||
| 952 | |0 0 |1 0 |4 0 |6 370_115000000000000_ARM_2001 |7 0 |8 A |9 362821 |a BIBEDU |b BIBEDU |d 2019-11-21 |i 3870448 |l 3 |o 370.115 ARM 2001 |p 3870448 |r 2022-07-14 |s 2022-07-14 |w 2019-11-21 |y BK |k PSI | ||